00968nam a2200193 a 450000100100000000500170001000800410002704000250006808200140009310000270010724502050013426000500033930000210038970000260041070000310043670000340046795202560050199900170075700003585020200930074649.0111115s1972 fr 000 0 fre d aDO-SdBNPbspacBNPHU axxxbK86e1 aKossok, Manfred96182810aL' espagne et son empire d' amerique :bHistoire des structurespolitiques économiques et sociales 1320-1824 /cManfred Kossok, Walter Markov ; traduit de l´allemand Marcel David et Charles Minguet. aParis :bEdiciones hispano-americanas,c1972. a135 p. ;c21 cm.1 aMarkov, Walter9618291 aDavid, Marcel,etr.9618301 aMinguet, Charles,etr.923923 001050718MOaGRbGRcCTd2011-11-15iLF1l0oxxx K86ep35850-10r2020-06-25w2020-06-25y1zPerteneció a la biblioteca personal de Juan Isidro Jimenes- GrullónPerteneció a la biblioteca personal de Juan Isidro Jimenes- GrullónZNo se presta c35341d35341